Şarkı sözleri 2 - Statistics

General Stats
  • This quiz has been taken 166 times
  • The average score is 8 of 15
Answer Stats
Hint Answer % Correct
Hava kapalı ama akalım/Arabaya bindim, yürü bakalım/Tabii radyomuzda yine _____ _____ demet akalın
93%
Biz ___ ____, kafaları karışık/Bir sağa çarptık bir sola çarptık iki aşık
90%
Oy oy oy, yedi beni, ömrümden deli deli/"Yıllanmış ________ım çekmekten" derdi "seni" kehribar
72%
Bi' göz oda bulur sokarız başımızı/Bi' de koyarız iki kadeh/____ nereye biz oraya kafa
65%
______ler olana kadar kalsaydın bari/Onlarca sözden birini tutsaydın bari incir
60%
Yüzde yüz ______, bu nasıl bir sinerji/Tek tek ediyorum haterlarımı alerji enerci
59%
Haram mısın bana bi' bilsem/Bebeğim benim, ______ _______ hayalet sevgilim
55%
______de yaprak bitti/Yeni aylar ekledim deli gibi senin için takvim
54%
Gel, _____, gör hâlimi/El bana, ben sana deli yabani
50%
_____ ________ hep zaten/"Ben bittim, ay" derken/Hiç umudun kalmamışken hayat şaşırtır
49%
Zorla, oldurma bizi/Memleket neresi ver artık adresi/Nasi bi’ _____ galaksi
47%
____________ ____’ya/Kızıl Çin’le arası var/Düştük kara sevdaya altaylardan tunaya
46%
______ __ _______ beni deli ediyor/Sevdiğini korkmadan söylemek bana zoruna mı gidiyor hoşuna mı gidiyor
38%
________/Bilsen sensiz nasıl yaşıyorum/Belli değil inan başı sonu/Dolmuş küllükler ben yakıyorum arıyorum
28%
____ ________ _____ _____ __/"Dön" desem tersine, dünya döner mi?/ Seni unutmaya ömrüm yeter mi
28%
No matching quizzes found
Score Distribution
Percent of People with Each Score
Percentile by Number Answered
Your Score History
You have not taken this quiz